[Event "OP-2010-0-01126"]
[Site "LSS email"]
[Date "2010.04.05"]
[Round "?"]
[White "Korostenski, Frank"]
[Black "De Leon, Fabiana"]
[Result "1-0"]
[WhiteElo "1572"]
[BlackElo "800"]
[PlyCount "29"]
[EventDate "2010.03.26"]
[EventType "tourn (corr)"]
[EventRounds "4"]
[EventCountry "GER"]
[SourceTitle "Corr 2015"]
[Source "ChessBase"]
[SourceDate "2015.07.17"]
[SourceVersion "1"]
[SourceVersionDate "2015.07.17"]
[SourceQuality "1"]

1. e4 c6 2. Nc3 d5 3. Nf3 dxe4 4. Nxe4 Bf5 5. Ng3 Bg6 6. h4 h6 7. Ne5 Bh7 8. Qh5 g6 9. Bc4 e6 10. Qe2 Qe7 11. d4 Bg7 12. Bd2 Nd7 13. 0-0-0 Ngf6 14. f4 Nb6 15. Bd3 1-0

[Event "LSS SN-2010-0-00236"]
[Site "LSS email"]
[Date "2010.04.04"]
[Round "?"]
[White "De Leon, Fabiana"]
[Black "Brough, Carl"]
[Result "0-1"]
[WhiteElo "800"]
[BlackElo "595"]
[PlyCount "32"]
[EventDate "2010.03.16"]
[EventType "tourn (corr)"]
[EventRounds "6"]
[EventCountry "GER"]
[SourceTitle "Corr 2015"]
[Source "ChessBase"]
[SourceDate "2015.07.17"]
[SourceVersion "1"]
[SourceVersionDate "2015.07.17"]
[SourceQuality "1"]

1. e4 e5 2. Nf3 Nc6 3. Bc4 Bc5 4. c3 Nf6 5. d4 exd4 6. cxd4 Bb4+ 7. Bd2 Nxe4 8. Bxb4 Nxb4 9. Qb3 a5 10. Bxf7+ Kf8 11. a3 Nd6 12. axb4 Qe7+ 13. Qe3 Qxf7 14. Ne5 Qd5 15. 0-0 b6 16. Nc3 Qe6 0-1

[Event "LSS SN-2010-0-00236"]
[Site "LSS email"]
[Date "2010.04.04"]
[Round "?"]
[White "Lambert, Derek"]
[Black "De Leon, Fabiana"]
[Result "1-0"]
[WhiteElo "907"]
[BlackElo "800"]
[PlyCount "21"]
[EventDate "2010.03.16"]
[EventType "tourn (corr)"]
[EventRounds "6"]
[EventCountry "GER"]
[SourceTitle "Corr 2015"]
[Source "ChessBase"]
[SourceDate "2015.07.17"]
[SourceVersion "1"]
[SourceVersionDate "2015.07.17"]
[SourceQuality "1"]

1. d4 d5 2. c4 c6 3. Nf3 Nf6 4. Nc3 dxc4 5. a4 Bf5 6. Bg5 Nd5 7. a5 h6 8. Bd2 e6 9. e3 Bb4 10. Bxc4 Bxa5 11. Rxa5 1-0

[Event "OP-2010-0-01126"]
[Site "LSS email"]
[Date "2010.04.03"]
[Round "?"]
[White "De Leon, Fabiana"]
[Black "Slavin, Pablo"]
[Result "0-1"]
[WhiteElo "800"]
[BlackElo "1098"]
[PlyCount "38"]
[EventDate "2010.03.26"]
[EventType "tourn (corr)"]
[EventRounds "4"]
[EventCountry "GER"]
[SourceTitle "Telechess CBM 141"]
[Source "ChessBase"]
[SourceDate "2011.03.17"]
[SourceVersion "1"]
[SourceVersionDate "2011.03.17"]
[SourceQuality "1"]

1. e4 e5 2. Nf3 Nc6 3. Bc4 Nf6 4. d3 Bc5 5. c3 0-0 6. Bb3 d5 7. Nbd2 dxe4 8. dxe4 Bg4 9. 0-0 Qe7 10. h3 Bh5 11. Re1 Rad8 12. Qe2 h6 13. Nf1 Bg6 14. Ng3 a6 15. Nh4 Bh7 16. Qf3 Ne8 17. Nhf5 Qf6 18. Nh5 Qg6 19. g4 Ne7 0-1

[Event "LSS SN-2010-0-00236"]
[Site "LSS email"]
[Date "2010.04.03"]
[Round "?"]
[White "Jokmin, Alex"]
[Black "De Leon, Fabiana"]
[Result "1-0"]
[WhiteElo "814"]
[BlackElo "800"]
[PlyCount "47"]
[EventDate "2010.03.16"]
[EventType "tourn (corr)"]
[EventRounds "6"]
[EventCountry "GER"]
[SourceTitle "Telechess CBM 141"]
[Source "ChessBase"]
[SourceDate "2011.03.17"]
[SourceVersion "1"]
[SourceVersionDate "2011.03.17"]
[SourceQuality "1"]

1. b4 Nf6 2. Bb2 e6 3. b5 d5 4. d3 c5 5. c4 Be7 6. Nf3 0-0 7. g3 dxc4 8. dxc4 Qxd1+ 9. Kxd1 Ne4 10. Kc2 Nxf2 11. Rg1 Ng4 12. Nbd2 Ne3+ 13. Kb3 a6 14. Bg2 Nd7 15. Ne5 Nxe5 16. Bxe5 Nxg2 17. Rxg2 Rd8 18. Nf3 Rd7 19. Rgg1 f6 20. Bc3 axb5 21. cxb5 b6 22. Rgd1 e5 23. Rd2 Rda7 24. a4 1-0